Mikroszkópos colitis egy aluldiagnosztizált gyulladásos bélbetegség /

A mikroszkópos colitis incidenciája emelkedő tendenciájú, aminek oka a megnövekedett felfedezett esetek száma, nem pedig a betegség gyakoriságának valódi növekedése. A betegség két entitás, a lymphocytás colitis és a kollagén colitis összefoglaló neve, közös jellemzőjük klinikailag a vizes hasmenés,...

Teljes leírás

Elmentve itt :
Bibliográfiai részletek
Szerzők: Szepes Zoltán
Bor Renáta
Fábián Anna
Dokumentumtípus: Cikk
Megjelent: 2016
Sorozat:MAGYAR BELORVOSI ARCHIVUM 69 No. 5
mtmt:3199125
Online Access:http://publicatio.bibl.u-szeged.hu/15447
LEADER 01475nab a2200229 i 4500
001 publ15447
005 20190719105131.0
008 190514s2016 hu o 0|| magyar d
022 |a 0133-5464 
024 7 |a 3199125  |2 mtmt 
040 |a SZTE Publicatio Repozitórium  |b hun 
041 |a magyar 
100 1 |a Szepes Zoltán 
245 1 0 |a Mikroszkópos colitis  |h [elektronikus dokumentum] :  |b egy aluldiagnosztizált gyulladásos bélbetegség /  |c  Szepes Zoltán 
260 |c 2016 
300 |a 261-267 
490 0 |a MAGYAR BELORVOSI ARCHIVUM  |v 69 No. 5 
520 3 |a A mikroszkópos colitis incidenciája emelkedő tendenciájú, aminek oka a megnövekedett felfedezett esetek száma, nem pedig a betegség gyakoriságának valódi növekedése. A betegség két entitás, a lymphocytás colitis és a kollagén colitis összefoglaló neve, közös jellemzőjük klinikailag a vizes hasmenés, életminőség-romlást okozva. Elsősorban a hatvan év feletti korosztály a veszélyeztetett, és női dominancia észlelhető. Terápiájában a budesonidnak van kitüntetett szerepe. Utóbbi években egyre több tanulmány foglalkozik ezzel a témával, idén jelent meg az első konszenzus guideline. 
700 0 1 |a Bor Renáta  |e aut 
700 0 1 |a Fábián Anna  |e aut 
856 4 0 |u http://publicatio.bibl.u-szeged.hu/15447/1/3199125_SzepesZ_Mikroszkoposcolitis.pdf  |z Dokumentum-elérés  
856 4 0 |u http://publicatio.bibl.u-szeged.hu/15447/7/15447_cimlap_tartalom.pdf  |z Dokumentum-elérés